Logo Biblioteca

Alice y la mosca / (Registro nro. 654)

Detalles MARC
000 -LEADER
fixed length control field 00744aam a2200265 a 4500
001 - CONTROL NUMBER
control field 001390489
003 - CONTROL NUMBER IDENTIFIER
control field AR-RoUNCS
005 - DATE AND TIME OF LATEST TRANSACTION
control field 20251028141927.0
008 - FIXED-LENGTH DATA ELEMENTS--GENERAL INFORMATION
fixed length control field 170320s2016 ag dr 000 f spa d
015 ## - NATIONAL BIBLIOGRAPHY NUMBER
National bibliography number AR-2016
020 ## - INTERNATIONAL STANDARD BOOK NUMBER
International Standard Book Number 978-950-49-5130-8
040 ## - CATALOGING SOURCE
Original cataloging agency AR-RoUNCS
Transcribing agency AR-RoUNCS
080 0# - UNIVERSAL DECIMAL CLASSIFICATION NUMBER
Universal Decimal Classification number 82-32(410.1)
100 1# - MAIN ENTRY--PERSONAL NAME
Personal name Rice, James
245 10 - TITLE STATEMENT
Title Alice y la mosca /
Statement of responsibility, etc. James Rice.
250 ## - EDITION STATEMENT
Edition statement 1a ed.
260 ## - PUBLICATION, DISTRIBUTION, ETC.
Place of publication, distribution, etc. C.A.B.A. :
Name of publisher, distributor, etc. Planeta,
Date of publication, distribution, etc. 2016.
300 ## - PHYSICAL DESCRIPTION
Extent 247 p. ;
Dimensions 23 cm.
500 ## - GENERAL NOTE
General note Título original: Alice and the fly / traducido por Eloy Pineda.
650 #4 - SUBJECT ADDED ENTRY--TOPICAL TERM
Form subdivision LITERATURA INLGESA
Chronological subdivision SIGLO XXI
655 #4 - INDEX TERM--GENRE/FORM
Genre/form data or focus term NOVELA
700 1# - ADDED ENTRY--PERSONAL NAME
Personal name Pineda, Eloy
Relator term tr.
751 ## - ADDED ENTRY-GEOGRAPHIC NAME
Geographic name Buenos Aires
Relator term lugar de publicación
Relationship pup
942 ## - ADDED ENTRY ELEMENTS (KOHA)
Source of classification or shelving scheme Universal Decimal Classification
Koha item type Libro de préstamo a domicilio
Existencias
Withdrawn status Lost status Source of classification or shelving scheme Damaged status Not for loan Collection Home library Current library Date acquired Total checkouts Full call number Barcode Date last seen Price effective from Koha item type
    Universal Decimal Classification     Colección General Biblioteca Escuela de Ciencias Sociales Biblioteca Escuela de Ciencias Sociales 28/10/2025   82-32(410.1) R495 000373 28/10/2025 28/10/2025 Libro de préstamo a domicilio
Biblioteca de la Escuela Preuniversitaria en Ciencias Sociales y Humanísticas.
Riobamba 250 bis.
CP 2000 - Rosario - Santa Fe
E-Mail: biblioteca@esociales.unr.edu.ar